| 000 | 00822nam a22002777a 4500 | ||
|---|---|---|---|
| 001 | BR2010003979 | ||
| 003 | BR-BrBNA | ||
| 005 | 20230928103531.0 | ||
| 007 | ta | ||
| 008 | 230509b bl.||||| |||| 00| 0 por d | ||
| 040 |
_aBR-BrBNA _bpor _cBiblioteca Nacional de Agricultura |
||
| 041 | _a(Por) | ||
| 072 | _aJ13 | ||
| 090 | _ J13 BR2010003979 | ||
| 110 | 1 |
_aConselho de Bem-estar dos Animais de Produção, Londres (Inglaterra) _92588 |
|
| 245 | 1 | _aTransporte desnecessário: o sofrimento dos animais em rotas de longas distâncias | |
| 260 | 3 |
_aLondres (Inglaterra): _c2008. |
|
| 300 | _a37 p. | ||
| 500 | _a31 illus.; Bibliography (57 ref.) | ||
| 650 | _aBEM-ESTAR | ||
| 650 | _aANIMAL | ||
| 650 | _aTRANSPORTE | ||
| 650 | _aSEGURANÇA ALIMENTAR | ||
| 909 |
_a202309 _bLucia _c55 _dLucia Elande |
||
| 942 | _cBK | ||
| 999 |
_c75506 _d75506 |
||